000 00738cam a22002292 4500
001 0000000769
005 20151217151756.0
008 070219s xx 000 0 eng d
020 _a0830832491 :
_cKES 956
040 _aKABU
_cKABU
050 0 _aBX9424.2
_b.W35
100 1 _aWalls, Jerry L.
_@0000149114
245 1 0 _aWhy I am not a Calvinist /
_cJerry L. Walls and Joseph R. Dongell.
260 _aDowners Grove, Illinois :
_bInter Varsity Press,
_cc2004.
300 _a230 p. ;
_c22 cm.
504 _aInclude bibliographical references and indexes.
650 0 _aCalvinism.
_@0000149109
700 1 _aDongell, Joseph R.
_@0000149115
908 _a070219
950 _@1
999 _c4900
_d4900